000 01034nam a22002417a 4500
003 OSt
005 20251027185245.0
008 240205b ||||| |||| 00| 0 eng d
040 _c0
082 _aDPer 621.317 Ie21 January 2022 v. 37 n. 1
100 _aAhmadi, Mohammad Mahdi.
_eauthor.
_951396
245 _aA high-efficiency ASK-modulated class-e power and data transmitter for medical implants /
_cMohammad Mahdi Ahmadi, Shirin Pezeshkpour, and Zahra Kabirkhoo.
260 _aNew York ;
_bThe Institute of Electrical and Electronics Engineers, Inc. ,
_cJanuary 2022.
300 _aVolume 37, pages 1090-1101 :
_billustration ;
_c28 cm.
500 _aIEEE Transactions on Power Electronics, v. 37 n. 1, pages 1090-1101, January 2022.
650 0 _aImplants.
_965915
650 0 _aPower generation.
_965916
650 0 _aVoltage measurement.
_965722
700 _aAhmadi, Mohammad Mahdi.
_eauthor.
_951396
700 _aPezeshkpour, Shirin.
_eauthor.
_951397
700 _aKabirkhoo, Zahra.
_eauthor.
_951398
942 _2ddc
_cPER
999 _c18915
_d18915